000 00409nam a2200181Ia 4500
001 19121
005 20260306171721.0
008 260306s9999||||xx |||||||||||||| ||und||
041 _aESP
082 _a658.8
_bL33
100 _aLeal Jiménez, Antonio
_eAUT
245 0 _aGestión del marketing social
260 _c2000
300 _a
_c
650 _aGEN
654 _aCAN
942 _cLIB
_dJUS
_fJUS
_2ddc
_n
999 _c19121
_d19121